000 00732nam a2200229Ia 4500
999 _c36134
_d36134
001 2034
003 GE_BSU
005 20221007104338.0
008 181216s2003ru xx |||||||||||||| ||rus||
020 _a5238004346
040 _cGE_BSU
041 _arus
080 _a347.73(075.8) Э-77
100 _aЭриашвили,Н.Д.
_915125
245 _aФинансовое право :
_bУчебник. для студ.вузов /
_cН.Д.Эриашвили,
250 _aИзд. 2-е, перераб. и. доп.
264 _aМосква :
_bЮнити,
_c2003.
300 _a727стр.:
653 _aФинансовое право
653 _aფინანსური სამართალი
942 _cBK
_2udc